Repertorio ley de procedimiento administrativo: comentarios. Repertorio de jurisprudencia judicial y administrativa. Concordancias. Historia fidedigna de la disposición

Sábháilte in:
Sonraí bibleagrafaíochta
Príomhchruthaitheoirí: Lara Arroyo, José Luis (Údar), Helfmann Martini, Carolina (Údar)
Formáid: LEABHAR
Teanga:Spáinnis
Foilsithe / Cruthaithe: Santiago Legal Publishing 2011
Eagrán:1a. ed
Ábhair:
Clibeanna: Cuir clib leis
Níl clibeanna ann, Bí ar an gcéad duine le clib a chur leis an taifead seo!

MARC

LEADER 00000cam a2200000 a 4500
001 UCG8563
003 CL-VaPUC
008 111216e20110900CL |||||||||||||||||spa|d
020 |a 9789563460650 
082 0 4 |a 342.83066  |b LAR  |2 21 
100 |a Lara Arroyo, José Luis  |e author  |9 588349 
700 0 |a Helfmann Martini, Carolina  |e author  |9 559644 
245 1 0 |a Repertorio ley de procedimiento administrativo: comentarios. Repertorio de jurisprudencia judicial y administrativa. Concordancias. Historia fidedigna de la disposición 
250 |a 1a. ed 
300 |a 1194 p 
942 |c BK 
945 |d 20111216 00:00:00  |a dcastane 
260 |a Santiago  |b Legal Publishing  |c 2011 
650 0 |a Derecho administrativo  |9 254851 
650 0 |a Procedimiento administrativo  |9 256132 
650 0 |a Administración pública   |9 255343 
650 7 |a DERECHO CHILENO  |2 CL-VaPUC  |9 559645 
583 |a last modification  |c 20111216 11:30:00  |k Rodrigo Vera 
999 |c 346170  |d 346168 
952 |0 0  |1 0  |4 0  |6 342_830660000000000_LAR_2011  |7 0  |8 A  |9 446748  |a BIBDER  |b BIBDER  |d 2019-11-22  |i 481603K  |o 342.83066 LAR 2011  |p 481603K  |r 2023-01-25  |w 2019-11-22  |y BK  |k DER